Quiz sulla Toscana - Statistics

Statistiche generali
  • Questo quiz è stato fatto 4.963 volte
  • Il punteggio medio è 20 su 26
Statistiche sulle risposte
Definizioni Risposte % Corretto
Capoluogo di Regione Firenze
100%
Altre Province Pisa
97%
Numero di Regioni confinanti Cinque
96%
Mare su cui prevalentemente si affaccia la Regione (oltre al Mar Ligure) Mar Tirreno
91%
Descrisse il suo viaggio nell'aldilà nella Commedia Dante Alighieri
90%
Artista noto per il David, la Pietà, la Cappella Sistina, ecc. Michelangelo Buonarroti
90%
Altre Province Siena
90%
Fiume più lungo della Regione che attraversa il capoluogo Arno
89%
Terza isola italiana per estensione Elba
89%
Altre Province Livorno
89%
Il burattino di legno inventato da Collodi Pinocchio
85%
Antica popolazione italica sviluppata principalmente in Toscana Etruschi
83%
Altre Province Lucca
83%
Altre Province Grosseto
80%
Le contrade di una provincia se lo contendono con una corsa di cavalli Palio
80%
Altre Province Prato
80%
Uno delle menti più geniali di sempre Leonardo da Vinci
79%
Altre Province Massa-Carrara
78%
Altre Province Arezzo
77%
Altre Province Pistoia
77%
Periodo tra il XIV e il XV secolo in cui si impose l'Umanesimo Rinascimento
72%
Luogo in cui si trovano la Torre Pendente e il Duomo P{iazza} dei m{iracoli}
64%
Area geografica situata al confine col Lazio Maremma
59%
Area geografica famosa per i suoi vitigni Chianti
56%
Circuito in cui si disputa GP d'Italia del motomondiale Mugello
50%
Cittadina con una suggestiva strada con cipressi che ispirò il Carducci Bolgheri
18%
Nessun quiz corrispondente trovato
Distribuzione punteggi
Percentuale di utenti per punteggio
Percentile per numero di risposta
I tuoi punteggi nel tempo
Non hai fatto questo quiz